Central Library OPAC University of Rajshahi

Madame Sarah / (Record no. 16574)

MARC details
000 -LEADER
fixed length control field 00772nam a22002531a 4500
001 - CONTROL NUMBER
control field 16574
003 - CONTROL NUMBER IDENTIFIER
rucl marc code BD-RjUL
005 - DATE AND TIME OF LATEST TRANSACTION
control field 20211209000027.0
008 - FIXED-LENGTH DATA ELEMENTS--GENERAL INFORMATION
fixed length control field 140213c19671966mauac b 000 0beng
035 ## - SYSTEM CONTROL NUMBER
System control number (BD-RjUL)16629
040 ## - CATALOGING SOURCE
Original cataloging agency LC
Language of cataloging eng
Transcribing agency LC
Modifying agency ANL
-- BD-RjUL
041 ## - LANGUAGE CODE
Language code of text/sound track or separate title eng
082 04 - DEWEY DECIMAL CLASSIFICATION NUMBER
Classification number 792.0280924
Author mark and year SKM 1967
100 1# - MAIN ENTRY--PERSONAL NAME
Personal name Skinner, Cornelia Otis,
Dates associated with a name 1901-1979.
9 (RLIN) 51210
245 10 - TITLE STATEMENT
Title Madame Sarah /
Statement of responsibility, etc. Cornelia Otis Skinner.
260 ## - PUBLICATION, DISTRIBUTION, ETC. (IMPRINT)
Place of publication, distribution, etc. Boston :
Name of publisher, distributor, etc. Houghton Mifflin,
Date of publication, distribution, etc. 1967 [c1966].
300 ## - PHYSICAL DESCRIPTION
Pagination xxii, 356 p. :
Illustrations illus., ports.
Size 24 cm.
504 ## - BIBLIOGRAPHY, ETC. NOTE
Bibliography, etc Bibliography: p. [343]-346. and index.
600 10 - SUBJECT ADDED ENTRY--PERSONAL NAME
Personal name Bernhardt, Sarah,
Dates associated with a name 1844-1923.
650 #0 - SUBJECT ADDED ENTRY--TOPICAL TERM
Topical term or geographic name as entry element Actors
Geographic subdivision France
General subdivision Biography.
9 (RLIN) 51212
942 ## - ADDED ENTRY ELEMENTS (KOHA)
Source of classification or shelving scheme Dewey Decimal Classification
Koha item type Books
Holdings
Lost status Source of classification or shelving scheme Damaged status Not for loan Collection code Permanent Location Current Location Shelving location Date acquired Source of acquisition Total Checkouts Full call number Date last seen Copy number Koha item type
  Dewey Decimal Classification   Not For Loan Non-fiction Central Library, University of Rajshahi Central Library, University of Rajshahi Reading Room 01/07/1967 Book centre,   792.0280924 SKM 1967 13/02/2014 C-1 Books